La canción mozárabe / (Record no. 155396)

MARC details
000 -LEADER
campo de control de longitud fija 00780nam a2200205 i 4500
001 - NÚMERO DE CONTROL
campo de control 155396
003 - IDENTIFICADOR DE NÚMERO DE CONTROL
campo de control ES-MaACL
005 - FECHA Y HORA DE LA ÚLTIMA TRANSACCIÓN
campo de control 20250812091355.0
008 - DATOS DE LONGITUD FIJA--INFORMACIÓN GENERAL
campo de control de longitud fija 150908s1957 sp |||| | spa d
100 1# - ENTRADA PRINCIPAL--NOMBRE DE PERSONA
Nombre de persona Cantera Burgos, Francisco.
9 (RLIN) 34642
245 13 - MENCIÓN DEL TÍTULO
Título La canción mozárabe /
Mención de responsabilidad, etc. Francisco Cantera.
260 ## - PUBLICACIÓN, DISTRIBUCIÓN, ETC.
Lugar de publicación, distribución, etc. Santander :
Nombre del editor, distribuidor, etc. Universidad Internacional "Menéndez Pelayo",
Fecha de publicación, distribución, etc. 1957.
300 ## - DESCRIPCIÓN FÍSICA
Extensión 77 p. ;
Dimensiones 20 cm.
490 1# - MENCIÓN DE SERIE
Mención de serie Publicaciones de la Universidad Internacional Menéndez Pelayo ;
Designación de volumen o secuencia 7
650 #7 - PUNTO DE ACCESO ADICIONAL DE MATERIA--TÉRMINO DE MATERIA
Término de materia o nombre geográfico como elemento de entrada Poesía mozárabe
Fuente del encabezamiento o término embne
9 (RLIN) 136731
710 2# - ENTRADA AGREGADA--NOMBRE DE ENTIDAD CORPORATIVA
Nombre de entidad corporativa o nombre de jurisdicción como elemento de entrada Universidad Internacional Menéndez Pelayo.
9 (RLIN) 7384
830 0# - PUNTO DE ACCESO ADICIONAL DE SERIE-TÍTULO UNIFORME
Título uniforme Publicaciones de la Universidad Internacional Menéndez Pelayo ;
Designación de volumen o secuencia 7
9 (RLIN) 188831
852 ## - LOCALIZACIÓN
Ubicación ES-MaACL
Número de control de estantería 2331-F-13
Holdings
Estatus retirado Estado de pérdida Estado de daño No para préstamo Colección Biblioteca de origen Biblioteca actual Ubicación en estantería Fecha de adquisición Fuente de adquisición Total de préstamos Signatura topográfica completa Código de barras Visto por última vez Precio de reemplazo Tipo de ítem Koha
        Colección de folletos Biblioteca del Ateneo de Madrid Biblioteca del Ateneo de Madrid Depósito folletos 08/09/2015     2331-F-13 1194152 23/02/2023 23/02/2023 Folleto